000 00480nam a2200169Ia 4500
003 GCL
008 140319s9999 xx 000 0 eng d
040 _aGCL /
_cGCL
082 0 4 _a363.7003
_bC C
100 1 _aCOOPER, ANDRE R
245 1 0 _aCOPPER'S POCKET ENVIRONMENTAL COMPLIANCE DICTIONARY /
_cCOOPER, ANDRE R
260 _a[S.N] :
_bVAN NOSTRAND REINHOLD ،
_c1995
300 _a340 P
650 0 4 _aENVIRONMENTAL PROTECTION
650 0 4 _aHANDBOOKS MANUAL
942 _2ddc
_cBK
999 _c13570
_d13570